[Event "GER-ch U08"]
[Site "Willingen"]
[Date "2023.06.01"]
[Round "3"]
[White "Oehrlein, Frederik"]
[Black "Schmidt, Alexander Nadvid"]
[Result "0-1"]
[WhiteElo "1061"]
[BlackElo "1256"]
[PlyCount "106"]
[EventDate "2023.05.30"]
[EventType "swiss"]
[EventRounds "7"]
[EventCountry "GER"]
[SourceTitle "CBM 214 Extra"]
[Source "ChessBase"]
[SourceDate "2023.07.31"]
[SourceVersion "1"]
[SourceVersionDate "2023.07.31"]
[SourceQuality "1"]

1. e4 e5 2. Nf3 Nc6 3. Nc3 d6 4. Bc4 Nf6 5. h3 Nxe4 6. Nxe4 d5 7. Bxd5 Qxd5 8. Nc3 Qd8 9. d3 Bc5 10. Bg5 f6 11. Bh4 0-0 12. g4 Nd4 13. Nxd4 exd4 14. Ne4 Re8 15. f4 Qd5 16. f5 b6 17. Qf3 Bb4+ 18. Kd1 Bb7 19. a3 Bd6 20. Re1 c5 21. c4 dxc3 22. bxc3 Qb3+ 23. Kc1 Bxe4 24. dxe4 b5 25. Qd3 Bf4+ 26. Re3 Bxe3+ 27. Qxe3 b4 28. axb4 cxb4 29. Be1 bxc3 30. Rb1 Qa3+ 31. Kc2 Qa2+ 32. Kc1 c2 33. Qb3+ Qxb3 34. Rxb3 Rec8 35. Rb2 a5 36. Rxc2 Rxc2+ 37. Kxc2 a4 38. h4 Rb8 39. g5 a3 40. gxf6 gxf6 41. Bc3 Kf7 42. e5 fxe5 43. Bxe5 Rb5 44. Bd6 a2 45. h5 a1Q 46. h6 Qb2+ 47. Kd3 Rd5+ 48. Ke4 Qd4+ 49. Kf3 Rxf5+ 50. Kg2 Qxd6 51. Kg1 Qg6+ 52. Kh2 Qg4 53. Kh1 Rh5# 0-1